[Event "DEM U12 2025"]
[Site "Willingen GER"]
[Date "2025.06.12"]
[Round "7"]
[White "Teng, David"]
[Black "Vilain, Philip"]
[Result "0-1"]
[Termination "normal"]
[Board "19"]
[WhiteElo "1837"]
[BlackElo "1791"]
[WhiteClock "00:05:20"]
[BlackClock "00:36:18"]
[PlyCount "130"]
[WhiteFideId "34604570"]
[BlackFideId "34662820"]
[EventCountry "GER"]
[EventRounds "9"]
[EventType "swiss"]
[EventDate "2025.06.07"]

1. e4 {[%clk 01:30:56]} {[%emt 00:00:04]} e6 {[%clk 01:30:41]} {[%emt
00:00:19]} 2. d4 {[%clk 01:31:15]} {[%emt 00:00:10]} d5 {[%clk 01:31:01]}
{[%emt 00:00:12]} 3. Nc3 {[%clk 01:31:20]} {[%emt 00:00:24]} Nf6 {[%clk
01:31:09]} {[%emt 00:00:21]} 4. e5 {[%clk 01:31:39]} {[%emt 00:00:12]} Nfd7
{[%clk 01:31:31]} {[%emt 00:00:08]} 5. f4 {[%clk 01:31:37]} {[%emt 00:00:32]}
c5 {[%clk 01:31:38]} {[%emt 00:00:23]} 6. Nf3 {[%clk 01:31:39]} {[%emt
00:00:28]} Nc6 {[%clk 01:31:33]} {[%emt 00:00:36]} 7. Be3 {[%clk 01:31:27]}
{[%emt 00:00:39]} Be7 {[%clk 01:31:19]} {[%emt 00:00:45]} 8. Be2 {[%clk
01:30:52]} {[%emt 00:01:06]} O-O {[%clk 01:30:26]} {[%emt 00:01:22]} 9. O-O
{[%clk 01:29:54]} {[%emt 00:01:28]} cxd4 {[%clk 01:27:12]} {[%emt 00:03:44]}
10. Nxd4 {[%clk 01:27:15]} {[%emt 00:03:09]} Bc5 {[%clk 01:25:25]} {[%emt
00:02:18]} 11. Kh1 {[%clk 01:24:39]} {[%emt 00:03:06]} Nxd4 {[%clk 01:23:36]}
{[%emt 00:02:20]} 12. Bxd4 {[%clk 01:24:49]} {[%emt 00:00:18]} Bxd4 {[%clk
01:22:59]} {[%emt 00:01:08]} 13. Qxd4 {[%clk 01:24:51]} {[%emt 00:00:27]} Qb6
{[%clk 01:22:42]} {[%emt 00:00:47]} 14. Qd3 {[%clk 01:21:54]} {[%emt 00:03:27]}
Nc5 {[%clk 01:21:21]} {[%emt 00:01:52]} 15. Qe3 {[%clk 01:01:40]} {[%emt
00:20:43]} Bd7 {[%clk 01:19:31]} {[%emt 00:02:17]} 16. Rab1 {[%clk 00:57:06]}
{[%emt 00:05:07]} Rfd8 {[%clk 01:17:43]} {[%emt 00:02:18]} 17. Bd3 {[%clk
00:43:47]} {[%emt 00:13:51]} Bc6 {[%clk 01:12:49]} {[%emt 00:05:23]} 18. Qh3
{[%clk 00:38:10]} {[%emt 00:06:07]} g6 {[%clk 01:07:18]} {[%emt 00:06:00]} 19.
b4 {[%clk 00:34:15]} {[%emt 00:04:27]} Ne4 {[%clk 01:03:58]} {[%emt 00:03:50]}
20. Bxe4 {[%clk 00:31:50]} {[%emt 00:02:56]} dxe4 {[%clk 01:03:16]} {[%emt
00:01:10]} 21. b5 {[%clk 00:31:25]} {[%emt 00:00:55]} Bd5 {[%clk 00:59:46]}
{[%emt 00:03:57]} 22. Nxd5 {[%clk 00:30:56]} {[%emt 00:01:03]} Rxd5 {[%clk
00:55:59]} {[%emt 00:04:16]} 23. c4 {[%clk 00:29:38]} {[%emt 00:01:49]} Rd4
{[%clk 00:52:29]} {[%emt 00:03:57]} 24. Rfc1 {[%clk 00:28:35]} {[%emt
00:01:35]} Rc8 {[%clk 00:49:25]} {[%emt 00:03:32]} 25. Qb3 {[%clk 00:28:12]}
{[%emt 00:00:55]} Qc5 {[%clk 00:46:32]} {[%emt 00:03:20]} 26. h3 {[%clk
00:20:59]} {[%emt 00:07:47]} Rxc4 {[%emt 00:04:41]} 27. Re1 {[%clk 00:20:08]}
e3 {[%clk 00:40:59]} {[%emt 00:03:13]} 28. Qxe3 {[%clk 00:16:50]} {[%emt
00:03:48]} Qxe3 {[%clk 00:40:46]} {[%emt 00:00:43]} 29. Rxe3 {[%clk 00:16:37]}
{[%emt 00:00:43]} Rxf4 {[%clk 00:39:08]} {[%emt 00:02:08]} 30. Ra3 {[%clk
00:15:34]} {[%emt 00:01:33]} Ra8 {[%clk 00:38:21]} {[%emt 00:01:17]} 31. Rc1
{[%clk 00:13:36]} {[%emt 00:02:27]} Rb4 {[%clk 00:35:20]} {[%emt 00:03:32]} 32.
Rc5 {[%clk 00:12:53]} {[%emt 00:01:12]} b6 {[%clk 00:34:52]} {[%emt 00:00:59]}
33. Rc7 {[%clk 00:12:40]} {[%emt 00:00:43]} Rxb5 {[%clk 00:35:04]} {[%emt
00:00:18]} 34. Rf3 {[%clk 00:12:53]} {[%emt 00:00:16]} Rf8 {[%clk 00:34:44]}
{[%emt 00:00:50]} 35. Rxa7 {[%clk 00:11:51]} {[%emt 00:01:33]} Rxe5 {[%clk
00:34:08]} {[%emt 00:01:05]} 36. Rb3 {[%clk 00:12:13]} {[%emt 00:00:09]} Ra5
{[%clk 00:33:56]} {[%emt 00:00:42]} 37. Re7 {[%clk 00:08:33]} {[%emt 00:04:09]}
b5 {[%clk 00:31:17]} {[%emt 00:03:09]} 38. a3 {[%clk 00:07:15]} {[%emt
00:01:48]} Rfa8 {[%clk 00:29:38]} {[%emt 00:02:09]} 39. Rf3 {[%clk 00:06:13]}
{[%emt 00:01:32]} Rf8 {[%clk 00:29:24]} {[%emt 00:00:43]} 40. Rb7 {[%clk
00:05:45]} {[%emt 00:00:58]} f5 {[%clk 00:27:07]} {[%emt 00:02:48]} 41. Re3
{[%clk 00:03:12]} {[%emt 00:03:03]} Rf6 {[%clk 00:22:38]} {[%emt 00:04:59]} 42.
Rb3 {[%clk 00:28:29]} {[%emt 00:05:14]} Rf7 {[%clk 00:50:45]} {[%emt 00:02:22]}
43. R7xb5 {[%clk 00:27:55]} {[%emt 00:01:04]} Rxb5 {[%clk 00:49:57]} {[%emt
00:01:17]} 44. Rxb5 {[%clk 00:27:52]} {[%emt 00:00:33]} Ra7 {[%clk 00:50:06]}
{[%emt 00:00:21]} 45. Rb3 {[%clk 00:27:47]} {[%emt 00:00:35]} Kf7 {[%clk
00:50:19]} {[%emt 00:00:18]} 46. Kh2 {[%clk 00:28:11]} {[%emt 00:00:06]} Kf6
{[%clk 00:50:22]} {[%emt 00:00:27]} 47. Kg3 {[%clk 00:27:49]} {[%emt 00:00:52]}
g5 {[%clk 00:49:39]} {[%emt 00:01:14]} 48. Kf3 {[%clk 00:27:17]} {[%emt
00:01:01]} Ra5 {[%clk 00:45:21]} {[%emt 00:04:48]} 49. Ke3 {[%clk 00:26:37]}
{[%emt 00:01:11]} e5 {[%clk 00:44:27]} {[%emt 00:01:24]} 50. Rb6+ {[%clk
00:25:45]} {[%emt 00:01:22]} Kf7 {[%clk 00:43:55]} {[%emt 00:01:01]} 51. Rb3
{[%clk 00:25:18]} {[%emt 00:00:57]} Ke6 {[%clk 00:43:45]} {[%emt 00:00:40]} 52.
g3 {[%clk 00:22:19]} {[%emt 00:03:29]} f4+ {[%clk 00:41:45]} {[%emt 00:02:30]}
53. Kf3 {[%clk 00:19:41]} {[%emt 00:03:07]} Kf5 {[%clk 00:41:11]} {[%emt
00:01:05]} 54. g4+ {[%clk 00:19:07]} {[%emt 00:01:05]} Ke6 {[%clk 00:41:32]}
{[%emt 00:00:09]} 55. Ke2 {[%clk 00:17:03]} {[%emt 00:02:34]} Kd5 {[%clk
00:40:50]} {[%emt 00:01:12]} 56. Kd2 {[%clk 00:17:20]} {[%emt 00:00:15]} e4
{[%clk 00:40:59]} {[%emt 00:00:20]} 57. Kc3 {[%clk 00:15:36]} {[%emt 00:02:13]}
Ra4 {[%clk 00:40:03]} {[%emt 00:01:26]} 58. Rb5+ {[%clk 00:13:33]} {[%emt
00:02:33]} Kd6 {[%clk 00:38:56]} {[%emt 00:01:38]} 59. Rxg5 {[%clk 00:10:50]}
{[%emt 00:03:12]} Rxa3+ {[%clk 00:37:38]} {[%emt 00:01:49]} 60. Kd4 {[%clk
00:08:33]} {[%emt 00:02:47]} e3 {[%clk 00:36:15]} {[%emt 00:01:53]} 61. Rb5
{[%clk 00:08:15]} {[%emt 00:00:48]} e2 {[%clk 00:35:43]} {[%emt 00:01:02]} 62.
Rb6+ {[%clk 00:07:52]} {[%emt 00:00:53]} Kc7 {[%clk 00:35:54]} {[%emt
00:00:17]} 63. Rb1 {[%clk 00:07:19]} {[%emt 00:01:04]} f3 {[%clk 00:35:56]}
{[%emt 00:00:28]} 64. Rc1+ {[%clk 00:06:27]} {[%emt 00:01:21]} Kd7 {[%clk
00:36:10]} {[%emt 00:00:15]} 65. Ke4 {[%clk 00:05:20]} {[%emt 00:01:37]} f2
{[%clk 00:36:18]} {[%emt 00:00:21]} 0-1

[Event "DEM U12 2025"]
[Site "Willingen GER"]
[Date "2025.06.12"]
[Round "7"]
[White "Braren, Ove Neelis"]
[Black "Hamann, Friedrich"]
[Result "1-0"]
[Termination "normal"]
[Board "20"]
[WhiteElo "1716"]
[BlackElo "1822"]
[WhiteClock "00:08:59"]
[BlackClock "00:15:11"]
[PlyCount "115"]
[WhiteFideId "34663770"]
[BlackFideId "34622829"]
[EventCountry "GER"]
[EventRounds "9"]
[EventType "swiss"]
[EventDate "2025.06.07"]

1. e4 {[%clk 01:30:57]} {[%emt 00:00:03]} e5 {[%clk 01:30:49]} {[%emt
00:00:10]} 2. Nf3 {[%clk 01:31:18]} {[%emt 00:00:09]} Nc6 {[%clk 01:31:11]}
{[%emt 00:00:08]} 3. d4 {[%clk 01:30:55]} {[%emt 00:00:53]} exd4 {[%clk
01:31:27]} {[%emt 00:00:15]} 4. Nxd4 {[%clk 01:31:12]} {[%emt 00:00:13]} Qh4
{[%clk 01:31:16]} {[%emt 00:00:40]} 5. Nc3 {[%clk 01:30:00]} {[%emt 00:01:43]}
Bb4 {[%clk 01:31:26]} {[%emt 00:00:20]} 6. Ndb5 {[%clk 01:30:14]} {[%emt
00:00:16]} Ba5 {[%clk 01:26:49]} {[%emt 00:05:06]} 7. Bd3 {[%clk 01:25:25]}
{[%emt 00:05:18]} a6 {[%clk 01:26:28]} {[%emt 00:00:52]} 8. Na3 {[%clk
01:25:13]} {[%emt 00:00:42]} b5 {[%clk 01:25:40]} {[%emt 00:01:18]} 9. Nab1
{[%clk 01:24:33]} {[%emt 00:01:09]} Bb7 {[%clk 01:16:41]} {[%emt 00:09:29]} 10.
O-O {[%clk 01:22:32]} {[%emt 00:02:32]} O-O-O {[%clk 01:13:15]} {[%emt
00:03:55]} 11. a4 {[%clk 01:21:40]} {[%emt 00:01:23]} b4 {[%clk 01:10:54]}
{[%emt 00:02:51]} 12. Nd5 {[%clk 01:19:31]} {[%emt 00:02:40]} Nf6 {[%clk
01:02:08]} {[%emt 00:09:16]} 13. Nd2 {[%clk 01:05:56]} {[%emt 00:14:04]} Nxd5
{[%clk 00:53:49]} {[%emt 00:08:49]} 14. exd5 {[%clk 01:06:14]} {[%emt
00:00:13]} Ne5 {[%clk 00:52:56]} {[%emt 00:01:22]} 15. Nf3 {[%clk 00:48:09]}
{[%emt 00:18:35]} Nxf3+ {[%clk 00:45:18]} {[%emt 00:08:09]} 16. Qxf3 {[%clk
00:46:59]} {[%emt 00:01:40]} Rde8 {[%clk 00:36:21]} {[%emt 00:09:26]} 17. Be3
{[%clk 00:36:44]} {[%emt 00:10:45]} Qf6 {[%clk 00:28:08]} {[%emt 00:08:43]} 18.
Qxf6 {[%clk 00:35:26]} {[%emt 00:01:48]} gxf6 {[%clk 00:28:36]} {[%emt
00:00:02]} 19. Bd4 {[%clk 00:35:29]} {[%emt 00:00:28]} Bxd5 {[%clk 00:25:45]}
{[%emt 00:03:21]} 20. Bxa6+ {[%clk 00:35:28]} {[%emt 00:00:30]} Kb8 {[%clk
00:25:53]} {[%emt 00:00:22]} 21. Rfe1 {[%clk 00:32:25]} {[%emt 00:03:33]} Re6
{[%clk 00:18:47]} {[%emt 00:07:36]} 22. Rxe6 {[%clk 00:31:09]} {[%emt
00:01:46]} fxe6 {[%clk 00:19:14]} {[%emt 00:00:03]} 23. Bxf6 {[%clk 00:31:23]}
{[%emt 00:00:17]} Rg8 {[%clk 00:19:18]} {[%emt 00:00:26]} 24. Bf1 {[%clk
00:31:39]} {[%emt 00:00:13]} Bb6 {[%clk 00:18:16]} {[%emt 00:01:32]} 25. Be5
{[%clk 00:27:43]} {[%emt 00:04:26]} d6 {[%clk 00:18:00]} {[%emt 00:00:46]} 26.
Bg3 {[%clk 00:28:08]} {[%emt 00:00:05]} Bd4 {[%clk 00:17:23]} {[%emt 00:01:06]}
27. Rb1 {[%clk 00:27:08]} {[%emt 00:01:25]} Be4 {[%clk 00:14:06]} {[%emt
00:03:54]} 28. Bd3 {[%clk 00:25:10]} {[%emt 00:02:26]} Bxd3 {[%clk 00:14:30]}
{[%emt 00:00:07]} 29. cxd3 {[%clk 00:25:39]} {[%emt 00:00:01]} b3 {[%clk
00:14:40]} {[%emt 00:00:21]} 30. Rc1 {[%clk 00:23:07]} {[%emt 00:03:01]} Rd8
{[%clk 00:09:51]} {[%emt 00:05:19]} 31. Kf1 {[%clk 00:22:03]} {[%emt 00:01:33]}
c5 {[%clk 00:08:39]} {[%emt 00:01:42]} 32. Ke2 {[%clk 00:20:00]} {[%emt
00:02:32]} Kc7 {[%clk 00:08:27]} {[%emt 00:00:44]} 33. Bf4 {[%clk 00:11:02]}
{[%emt 00:09:27]} Rb8 {[%clk 00:07:22]} {[%emt 00:01:35]} 34. Rb1 {[%clk
00:10:58]} {[%emt 00:00:35]} Rb4 {[%clk 00:06:20]} {[%emt 00:01:32]} 35. Bd2
{[%clk 00:07:48]} {[%emt 00:03:39]} Rxa4 {[%clk 00:05:53]} {[%emt 00:00:58]}
36. Bc3 {[%clk 00:07:55]} {[%emt 00:00:22]} Bxc3 {[%clk 00:04:29]} {[%emt
00:01:54]} 37. bxc3 {[%clk 00:08:04]} {[%emt 00:00:21]} Ra3 {[%clk 00:03:19]}
{[%emt 00:01:40]} 38. Ke3 {[%clk 00:04:30]} {[%emt 00:04:03]} d5 {[%clk
00:02:07]} {[%emt 00:01:43]} 39. c4 {[%clk 00:03:53]} {[%emt 00:01:06]} Kd6
{[%emt 00:02:32]} 40. f4 {[%clk 00:03:11]} Ra2 {[%clk 00:00:41]} {[%emt
00:01:07]} 41. Rxb3 {[%clk 00:03:29]} {[%emt 00:00:12]} Rxg2 {[%clk 00:29:57]}
{[%emt 00:01:13]} 42. Rb6+ {[%clk 00:26:34]} {[%emt 00:07:25]} Kc7 {[%clk
00:29:46]} {[%emt 00:00:41]} 43. Rxe6 {[%clk 00:25:16]} {[%emt 00:01:48]} d4+
{[%clk 00:30:09]} {[%emt 00:00:07]} 44. Ke4 {[%clk 00:24:39]} {[%emt 00:01:07]}
Rxh2 {[%clk 00:30:08]} {[%emt 00:00:31]} 45. Kd5 {[%clk 00:24:13]} {[%emt
00:00:57]} Rh3 {[%clk 00:25:13]} {[%emt 00:05:25]} 46. Kxc5 {[%clk 00:24:04]}
{[%emt 00:00:37]} Rxd3 {[%clk 00:25:26]} {[%emt 00:00:18]} 47. Re7+ {[%clk
00:22:18]} {[%emt 00:02:14]} Kd8 {[%clk 00:22:57]} {[%emt 00:03:01]} 48. Rxh7
{[%clk 00:21:43]} {[%emt 00:01:06]} Rd1 {[%clk 00:21:19]} {[%emt 00:02:07]} 49.
Kc6 {[%clk 00:18:17]} {[%emt 00:03:56]} d3 {[%clk 00:21:00]} {[%emt 00:00:50]}
50. c5 {[%clk 00:16:39]} {[%emt 00:02:08]} d2 {[%clk 00:20:06]} {[%emt
00:01:24]} 51. Rd7+ {[%clk 00:16:48]} {[%emt 00:00:21]} Ke8 {[%clk 00:19:59]}
{[%emt 00:00:36]} 52. f5 {[%clk 00:15:42]} {[%emt 00:01:35]} Kf8 {[%clk
00:19:34]} {[%emt 00:00:56]} 53. f6 {[%clk 00:15:10]} {[%emt 00:01:02]} Ke8
{[%clk 00:18:48]} {[%emt 00:01:17]} 54. Rd5 {[%clk 00:11:59]} {[%emt 00:03:41]}
Kf7 {[%clk 00:17:41]} {[%emt 00:01:37]} 55. Kd6 {[%clk 00:10:36]} {[%emt
00:01:52]} Ke8 {[%clk 00:15:27]} {[%emt 00:02:44]} 56. c6 {[%clk 00:08:14]}
{[%emt 00:02:54]} Kd8 {[%clk 00:14:54]} {[%emt 00:01:04]} 57. c7+ {[%clk
00:08:34]} {[%emt 00:00:08]} Kc8 {[%clk 00:15:11]} {[%emt 00:00:13]} 58. Rb5
{[%clk 00:08:59]} {[%emt 00:00:05]} 1-0

[Event "DEM U12 2025"]
[Site "Willingen GER"]
[Date "2025.06.12"]
[Round "7"]
[White "Hellriegel, Hannes"]
[Black "Wettstein, Levin"]
[Result "0-1"]
[Termination "normal"]
[Board "21"]
[WhiteElo "1849"]
[BlackElo "1760"]
[WhiteClock "00:08:18"]
[BlackClock "00:30:11"]
[PlyCount "146"]
[WhiteFideId "34623701"]
[BlackFideId "34635866"]
[EventCountry "GER"]
[EventRounds "9"]
[EventType "swiss"]
[EventDate "2025.06.07"]

1. e4 {[%clk 01:30:59]} {[%emt 17:53:05]} e5 {[%clk 01:30:55]} {[%emt
00:00:03]} 2. Nf3 {[%clk 01:31:25]} {[%emt 00:00:05]} Nc6 {[%clk 01:31:20]}
{[%emt 00:00:05]} 3. Bb5 {[%clk 01:31:50]} {[%emt 00:00:05]} a6 {[%clk
01:31:43]} {[%emt 00:00:06]} 4. Ba4 {[%clk 01:32:17]} {[%emt 00:00:04]} d6
{[%clk 01:32:07]} {[%emt 00:00:06]} 5. O-O {[%clk 01:32:41]} {[%emt 00:00:05]}
Bd7 {[%clk 01:32:31]} {[%emt 00:00:07]} 6. c3 {[%clk 01:33:03]} {[%emt
00:00:09]} g6 {[%clk 01:32:53]} {[%emt 00:00:07]} 7. d4 {[%clk 01:33:24]}
{[%emt 00:00:09]} Bg7 {[%clk 01:33:11]} {[%emt 00:00:12]} 8. Be3 {[%clk
01:33:48]} {[%emt 00:00:06]} Nf6 {[%clk 01:33:07]} {[%emt 00:00:34]} 9. Nbd2
{[%clk 01:33:59]} {[%emt 00:00:19]} O-O {[%clk 01:33:10]} {[%emt 00:00:27]} 10.
h3 {[%clk 01:33:28]} {[%emt 00:01:01]} Re8 {[%clk 01:32:18]} {[%emt 00:01:22]}
11. Bc2 {[%clk 01:33:46]} {[%emt 00:00:12]} d5 {[%clk 01:20:55]} {[%emt
00:11:53]} 12. dxe5 {[%clk 01:17:58]} {[%emt 00:16:19]} Nxe4 {[%clk 01:14:42]}
{[%emt 00:06:42]} 13. Nxe4 {[%clk 00:56:23]} {[%emt 00:22:06]} dxe4 {[%clk
01:14:18]} {[%emt 00:00:54]} 14. Bxe4 {[%clk 00:55:12]} {[%emt 00:01:41]} Nxe5
{[%clk 01:11:32]} {[%emt 00:03:16]} 15. Nxe5 {[%clk 00:47:12]} {[%emt
00:08:28]} Bxe5 {[%clk 01:09:27]} {[%emt 00:02:36]} 16. Bxb7 {[%clk 00:44:48]}
{[%emt 00:02:55]} Rb8 {[%clk 01:07:00]} {[%emt 00:02:56]} 17. Bxa6 {[%clk
00:35:21]} {[%emt 00:09:57]} Rxb2 {[%clk 01:03:56]} {[%emt 00:03:34]} 18. Qc1
{[%clk 00:29:59]} {[%emt 00:05:52]} Rb8 {[%clk 00:58:19]} {[%emt 00:06:07]} 19.
Rd1 {[%clk 00:28:15]} {[%emt 00:02:14]} Qf6 {[%clk 00:52:25]} {[%emt 00:06:24]}
20. Bd4 {[%clk 00:22:12]} {[%emt 00:06:32]} Ba4 {[%clk 00:46:31]} {[%emt
00:06:24]} 21. Bc4 {[%clk 00:07:22]} {[%emt 00:15:21]} Bxd1 {[%clk 00:45:27]}
{[%emt 00:01:34]} 22. Qxd1 {[%clk 00:07:45]} {[%emt 00:00:07]} Bxd4 {[%clk
00:44:53]} {[%emt 00:01:04]} 23. Qxd4 {[%clk 00:07:12]} {[%emt 00:01:04]} Qxd4
{[%clk 00:45:02]} {[%emt 00:00:20]} 24. cxd4 {[%clk 00:07:38]} {[%emt
00:00:04]} Re4 {[%clk 00:44:20]} {[%emt 00:01:12]} 25. a4 {[%clk 00:06:08]}
{[%emt 00:02:00]} Rxd4 {[%clk 00:44:21]} {[%emt 00:00:29]} 26. Bb5 {[%clk
00:06:22]} {[%emt 00:00:16]} Ra8 {[%clk 00:43:09]} {[%emt 00:01:42]} 27. g3
{[%clk 00:03:33]} {[%emt 00:03:18]} Rd6 {[%clk 00:37:14]} {[%emt 00:06:25]} 28.
Rc1 {[%clk 00:02:53]} {[%emt 00:01:11]} Rc8 {[%clk 00:36:20]} {[%emt 00:01:23]}
29. Bc6 {[%clk 00:02:15]} {[%emt 00:01:08]} Rcd8 {[%clk 00:34:32]} {[%emt
00:02:19]} 30. Rc5 {[%clk 00:01:30]} {[%emt 00:01:15]} Rd1+ {[%clk 00:32:58]}
{[%emt 00:02:03]} 31. Kg2 {[%clk 00:01:53]} {[%emt 00:00:07]} Ra1 {[%clk
00:29:19]} {[%emt 00:04:10]} 32. a5 {[%clk 00:01:33]} {[%emt 00:00:50]} Rb8
{[%clk 00:25:41]} {[%emt 00:04:07]} 33. Bd5 {[%clk 00:01:03]} {[%emt 00:01:01]}
c6 {[%clk 00:23:49]} {[%emt 00:02:21]} 34. Rxc6 {[%clk 00:01:03]} {[%emt
00:00:30]} Rxa5 {[%clk 00:23:55]} {[%emt 00:00:25]} 35. Bf3 {[%clk 00:01:16]}
{[%emt 00:00:16]} Ra2 {[%clk 00:23:04]} {[%emt 00:01:21]} 36. Rf6 {[%clk
00:01:13]} {[%emt 00:00:32]} Rd2 {[%clk 00:21:19]} {[%emt 00:02:15]} 37. h4
{[%clk 00:00:57]} {[%emt 00:00:46]} Rbb2 {[%clk 00:20:19]} {[%emt 00:01:30]}
38. Bg4 {[%clk 00:01:02]} {[%emt 00:00:26]} h5 {[%clk 00:19:18]} {[%emt
00:01:30]} 39. Bh3 {[%clk 00:01:15]} {[%emt 00:00:17]} Rb1 {[%clk 00:18:02]}
{[%emt 00:01:46]} 40. Rf4 {[%clk 00:00:31]} {[%emt 00:01:14]} Rdd1 {[%emt
00:05:57]} 41. Rc4 {[%clk 00:26:49]} Rg1+ {[%clk 00:46:14]} {[%emt 00:01:02]}
42. Kf3 {[%clk 00:26:58]} {[%emt 00:00:26]} Rb3+ {[%clk 00:45:36]} {[%emt
00:01:03]} 43. Kf4 {[%clk 00:26:56]} {[%emt 00:00:33]} Rh1 {[%clk 00:44:04]}
{[%emt 00:02:02]} 44. Bd7 {[%clk 00:25:59]} {[%emt 00:01:26]} Rf1 {[%clk
00:42:03]} {[%emt 00:02:31]} 45. Rc2 {[%clk 00:25:55]} {[%emt 00:00:35]} Rd1
{[%clk 00:40:53]} {[%emt 00:01:39]} 46. Bh3 {[%clk 00:23:14]} {[%emt 00:03:11]}
Kg7 {[%clk 00:40:36]} {[%emt 00:00:47]} 47. Ke4 {[%clk 00:17:12]} {[%emt
00:06:32]} Ra1 {[%clk 00:39:11]} {[%emt 00:01:56]} 48. Kd4 {[%clk 00:13:42]}
{[%emt 00:03:59]} Ra4+ {[%clk 00:36:58]} {[%emt 00:02:42]} 49. Kd5 {[%clk
00:13:15]} {[%emt 00:00:58]} Rxh4 {[%clk 00:36:21]} {[%emt 00:01:08]} 50. gxh4
{[%clk 00:12:53]} {[%emt 00:00:52]} Rxh3 {[%clk 00:36:42]} {[%emt 00:00:09]}
51. Ke4 {[%clk 00:12:06]} {[%emt 00:01:17]} Rxh4+ {[%clk 00:36:58]} {[%emt
00:00:13]} 52. Kf3 {[%clk 00:12:25]} {[%emt 00:00:12]} Rg4 {[%clk 00:36:29]}
{[%emt 00:00:58]} 53. Rc7 {[%clk 00:11:09]} {[%emt 00:01:47]} Rg1 {[%clk
00:35:54]} {[%emt 00:01:04]} 54. Kf4 {[%clk 00:09:25]} {[%emt 00:02:14]} h4
{[%clk 00:35:06]} {[%emt 00:01:19]} 55. Rc3 {[%clk 00:09:38]} {[%emt 00:00:17]}
Rh1 {[%clk 00:32:15]} {[%emt 00:03:20]} 56. f3 {[%clk 00:08:50]} {[%emt
00:01:19]} Rg1 {[%clk 00:31:05]} {[%emt 00:01:40]} 57. Rc2 {[%clk 00:09:05]}
{[%emt 00:00:14]} g5+ {[%clk 00:30:53]} {[%emt 00:00:43]} 58. Kf5 {[%clk
00:09:14]} {[%emt 00:00:20]} h3 {[%clk 00:28:39]} {[%emt 00:02:44]} 59. Rh2
{[%clk 00:07:07]} {[%emt 00:02:38]} Rg3 {[%clk 00:27:56]} {[%emt 00:01:12]} 60.
Ke4 {[%clk 00:06:15]} {[%emt 00:01:23]} Kg6 {[%clk 00:27:46]} {[%emt 00:00:39]}
61. f4 {[%clk 00:04:01]} {[%emt 00:02:44]} g4 {[%clk 00:27:54]} {[%emt
00:00:22]} 62. Ra2 {[%clk 00:03:55]} {[%emt 00:00:36]} Rg2 {[%clk 00:27:58]}
{[%emt 00:00:26]} 63. Ra6+ {[%clk 00:04:21]} {[%emt 00:00:04]} Kg7 {[%clk
00:28:19]} {[%emt 00:00:09]} 64. f5 {[%clk 00:04:46]} {[%emt 00:00:05]} h2
{[%clk 00:28:34]} {[%emt 00:00:15]} 65. Kf4 {[%clk 00:05:03]} {[%emt 00:00:13]}
h1=Q {[%clk 00:28:20]} {[%emt 00:00:44]} 66. Kg5 {[%clk 00:05:27]} {[%emt
00:00:07]} Qc1+ {[%clk 00:28:39]} {[%emt 00:00:10]} 67. Kh5 {[%clk 00:05:50]}
{[%emt 00:00:06]} Rh2+ {[%clk 00:29:02]} {[%emt 00:00:08]} 68. Kxg4 {[%clk
00:06:15]} {[%emt 00:00:05]} Qg1+ {[%clk 00:29:13]} {[%emt 00:00:19]} 69. Kf4
{[%clk 00:06:40]} {[%emt 00:00:05]} Rf2+ {[%clk 00:29:37]} {[%emt 00:00:05]}
70. Ke5 {[%clk 00:07:03]} {[%emt 00:00:08]} Qe1+ {[%clk 00:29:57]} {[%emt
00:00:08]} 71. Kd6 {[%clk 00:07:30]} {[%emt 00:00:04]} Rc2 {[%clk 00:30:04]}
{[%emt 00:00:21]} 72. f6+ {[%clk 00:07:55]} {[%emt 00:00:06]} Kg6 {[%clk
00:30:29]} {[%emt 00:00:04]} 73. Ra7 {[%clk 00:08:18]} {[%emt 00:00:08]} Qe6#
{[%clk 00:30:11]} {[%emt 00:00:17]} 0-1